000 00608nam a2200181Ia 4500
008 090124s9999 xx 000 0 und d
082 _b207117
100 _aरेड्डी जे.एल.
245 _a आदमी जिसने भगवान को देखा
250 _a1
260 _c2005
300 _a31
600 _aरेड्डी जे.एल.
630 _a आदमी जिसने भगवान को देखा
700 _aरेड्डी जे.एल.
730 _a आदमी जिसने भगवान को देखा
942 _cBOOK
999 _c189145
_d189145